La vuelta de Pedro Urdemales

Uloženo v:
Podrobná bibliografie
Hlavní autor: Pérez, Floridor (Autor)
Médium: Kniha
Jazyk:španělština
Vydáno: Santiago Alfaguara 1999
Santiago Aguilar Chilena 1999
Vydání:1a. ed
Edice:Infantil
Témata:
Tagy: Přidat tag
Žádné tagy, Buďte první, kdo vytvoří štítek k tomuto záznamu!

MARC

LEADER 00000nam a2200000 a 4500
001 UCG0169
003 CL-VaPUC
008 100312e19990000CL |||||||||||||||||spa|d
020 |a 9562390810 
082 0 4 |a Ch863  |b PER  |2 21 
100 0 |a Pérez, Floridor  |e author  |9 547562 
245 1 3 |a La vuelta de Pedro Urdemales 
250 |a 1a. ed 
300 |a 71 p 
942 |c BK 
945 |d 20100312 00:00:00  |a cmena 
260 |a Santiago  |b Alfaguara  |c 1999 
260 |a Santiago  |b Aguilar Chilena  |c 1999 
650 7 |a PERSONAJES TRADICIONALES  |2 CL-VaPUC  |9 547563 
650 0 |a Literatura chilena   |9 308278 
650 0 |a Literatura infantil   |9 307465 
583 |a last modification  |c 20121105 04:02:21  |k Rodrigo Vera 
490 0 |a Infantil 
999 |c 339916  |d 339914